Datos históricos relativos a la inscripción que en el año de 1859 se colocó en una torre de Medina Sidonia, donde estuvo presa y murió la reina Doña Blanca de Borbón, esposa de D. Pedro de Castilla. (Record no. 150907)
[ view plain ]
| 000 -LEADER | |
|---|---|
| campo de control de longitud fija | 01102nam a2200253 i 4500 |
| 001 - NÚMERO DE CONTROL | |
| campo de control | 150907 |
| 003 - IDENTIFICADOR DE NÚMERO DE CONTROL | |
| campo de control | ES-MaACL |
| 005 - FECHA Y HORA DE LA ÚLTIMA TRANSACCIÓN | |
| campo de control | 20250410063055.0 |
| 007 - CAMPO FIJO DE DESCRIPCIÓN FÍSICA--INFORMACIÓN GENERAL | |
| campo de control de longitud fija | t| |
| 008 - DATOS DE LONGITUD FIJA--INFORMACIÓN GENERAL | |
| campo de control de longitud fija | 071119s1859 sp ||||1| spa d |
| 080 ## - NÚMERO DE LA CLASIFICACIÓN DECIMAL UNIVERSAL | |
| Número de la Clasificación Decimal Universal | 929 Blanca de Borbón (460.18) |
| 080 ## - NÚMERO DE LA CLASIFICACIÓN DECIMAL UNIVERSAL | |
| Número de la Clasificación Decimal Universal | 94(460.355 Medina-Sidonia) |
| 100 1# - ENTRADA PRINCIPAL--NOMBRE DE PERSONA | |
| Nombre de persona | Thebussem, |
| Títulos y otros términos asociados al nombre | Doctor, |
| Fechas asociadas al nombre | 1828-1918 |
| 9 (RLIN) | 109885 |
| 245 10 - MENCIÓN DEL TÍTULO | |
| Título | Datos históricos relativos a la inscripción que en el año de 1859 se colocó en una torre de Medina Sidonia, donde estuvo presa y murió la reina Doña Blanca de Borbón, esposa de D. Pedro de Castilla. |
| 260 ## - PUBLICACIÓN, DISTRIBUCIÓN, ETC. | |
| Lugar de publicación, distribución, etc. | Cádiz : |
| Nombre del editor, distribuidor, etc. | [s.n.], |
| Fecha de publicación, distribución, etc. | 1859 ( |
| Fabricante | Imp. de la Revista Médica) |
| 300 ## - DESCRIPCIÓN FÍSICA | |
| Extensión | 37 p., [3] h. de lám. ; |
| Dimensiones | 22 cm. |
| 530 ## - NOTA DISPONIBLE DE FORMULARIO FÍSICO ADICIONAL | |
| Nota de formato físico adicional disponible | Disponible en formato digital. |
| 593 ## - | |
| -- | Encabezamiento tomado de Palau, 331385. |
| 600 14 - PUNTO DE ACCESO ADICIONAL DE MATERIA--NOMBRE DE PERSONA | |
| Nombre de persona | Blanca de Borbón |
| Títulos y otros términos asociados al nombre | Reina consorte de Pedro I, Rey de Castilla. |
| 9 (RLIN) | 156318 |
| 651 #4 - PUNTO DE ACCESO ADICIONAL DE MATERIA--NOMBRE GEOGRÁFICO | |
| Nombre geográfico | Medina-Sidonia- |
| Subdivisión general | Historia. |
| 9 (RLIN) | 137256 |
| 852 4# - LOCALIZACIÓN | |
| Ubicación | ES-MaACL |
| Número de control de estantería | T-70-F-7 |
| 856 4# - LOCALIZACIÓN Y ACCESO ELECTRÓNICOS | |
| Identificador Uniforme de Recursos | <a href="http://bdh-rd.bne.es/viewer.vm?id=0000144427&page=1 ">http://bdh-rd.bne.es/viewer.vm?id=0000144427&page=1 </a> |
| Nota pública | Biblioteca Digital Hispánica |
| Estatus retirado | Estado de pérdida | Estado de daño | No para préstamo | Colección | Biblioteca de origen | Biblioteca actual | Ubicación en estantería | Fecha de adquisición | Fuente de adquisición | Total de préstamos | Signatura topográfica completa | Código de barras | Visto por última vez | Precio de reemplazo | Tipo de ítem Koha |
|---|---|---|---|---|---|---|---|---|---|---|---|---|---|---|---|
| Colección de folletos | Biblioteca del Ateneo de Madrid | Biblioteca del Ateneo de Madrid | Depósito folletos | 17/01/2008 | T-70-F-7 | 1157468 | 23/02/2023 | 23/02/2023 | Folleto |
